UBT Library

Web development & design foundations with XHTML / (Record no. 1402)

000 -LEADER
fixed length control field 00267nam a22000977a 4500
008 - FIXED-LENGTH DATA ELEMENTS--GENERAL INFORMATION
fixed length control field 151211b xxu||||| |||| 00| 0 eng d
020 ## - INTERNATIONAL STANDARD BOOK NUMBER
International Standard Book Number 032143675X
082 ## -
Classification number 004.42
245 10 - TITLE STATEMENT
Title Web development & design foundations with XHTML /
Statement of responsibility, etc Terry Felke-Morris.
250 ## - EDITION STATEMENT
Edition statement 3rd ed.
Holdings
Withdrawn status Lost status Source of classification or shelving scheme Damaged status Koha normalized classification for sorting Not for loan Koha collection Location (home branch) Sublocation or collection (holding branch) Shelving location Date acquired Koha issues (times borrowed) Koha full call number Piece designation (barcode) Koha date last seen Price effective from
        00442_MOR   Koleksioni i përgjithshem UBT - Lipjan UBT - Lipjan Koleksioni i përgjithshem 12/11/2015   004.42 MOR 002-009555 12/11/2015 12/11/2015
UBT Library © 2015-2024. All rights reserved University Education for Business and Technology